Prime Hydration Flavors - Statistics

General Stats
  • This quiz has been taken 666 times
  • The average score is 7 of 9
Answer Stats
Hint Answer % Correct
White Meta Moon
95%
Green Lemon Lime
91%
Red Tropical Punch
90%
Blue/Red/White Ice Pop
88%
Purple Grape
87%
Orange Orange
86%
Pink Strawberry Watermelon
80%
Black KSI
70%
Blue Blue Rasberry
62%
No matching quizzes found
Score Distribution
Percent of People with Each Score
Percentile by Number Answered
Your Score History
You have not taken this quiz